00471nam a2200169 a 4500008004100000020001500041050001700056100002200073245006300095260003600158300002000194350001300214650002100227650002200248650001100270650002000281091023s2001 ||||||||||||||||| || u a9982848003 aGR 358.4 Kan aKangende, Kenneth10aZambian myths and legends of the wildcby Kenneth Kangende aLusaka:bMinta Publishersc2001 axii, 196p.: ill a30000.00 aOMENS--TRADITION aZAMBIAN MYTHOLOGY aZAMBIA aLEGENDS--ZAMBIA